<?xml version="1.0" encoding="UTF-8"?>
<record
    xmlns:xsi="http://www.w3.org/2001/XMLSchema-instance"
    xsi:schemaLocation="http://www.loc.gov/MARC21/slim http://www.loc.gov/standards/marcxml/schema/MARC21slim.xsd"
    xmlns="http://www.loc.gov/MARC21/slim">

  <leader>00962cam a2200253 i 4500</leader>
  <controlfield tag="003">SA-RiAUC</controlfield>
  <controlfield tag="005">20250523174659.0</controlfield>
  <controlfield tag="008">250514s2000    uk     g      000r0 ara c</controlfield>
  <datafield tag="020" ind1=" " ind2=" ">
    <subfield code="a">267389960</subfield>
  </datafield>
  <datafield tag="040" ind1=" " ind2=" ">
    <subfield code="a">SA-RiAUC</subfield>
    <subfield code="b">ara</subfield>
    <subfield code="c">SA-RiAUC</subfield>
    <subfield code="e">rda</subfield>
  </datafield>
  <datafield tag="082" ind1="0" ind2="4">
    <subfield code="a">296</subfield>
  </datafield>
  <datafield tag="090" ind1=" " ind2=" ">
    <subfield code="a">296</subfield>
    <subfield code="b">&#x633; &#x627; &#x645;</subfield>
  </datafield>
  <datafield tag="100" ind1="1" ind2=" ">
    <subfield code="a">&#x627;&#x644;&#x633;&#x627;&#x645;&#x631;&#x627;&#x626;&#x64A;&#x60C; &#x646;&#x639;&#x645;&#x627;&#x646; &#x639;&#x628;&#x62F; &#x627;&#x644;&#x631;&#x632;&#x627;&#x642;&#x60C;</subfield>
    <subfield code="d">1935-</subfield>
    <subfield code="e">&#x645;&#x624;&#x644;&#x641;.</subfield>
  </datafield>
  <datafield tag="245" ind1="1" ind2="2">
    <subfield code="a">&#x627;&#x644;&#x62A;&#x648;&#x631;&#x627;&#x629; &#x628;&#x64A;&#x646; &#x641;&#x642;&#x62F;&#x627;&#x646; &#x627;&#x644;&#x623;&#x635;&#x644; &#x648;&#x62A;&#x646;&#x627;&#x642;&#x636; &#x627;&#x644;&#x646;&#x635; /</subfield>
    <subfield code="c">&#x625;&#x639;&#x62F;&#x627;&#x62F; &#x646;&#x639;&#x645;&#x627;&#x646; &#x639;&#x628;&#x62F; &#x627;&#x644;&#x631;&#x632;&#x627;&#x642; &#x627;&#x644;&#x633;&#x627;&#x645;&#x631;&#x627;&#x626;&#x64A;.</subfield>
  </datafield>
  <datafield tag="250" ind1=" " ind2=" ">
    <subfield code="a">&#x627;&#x644;&#x637;&#x628;&#x639;&#x629; &#x627;&#x644;&#x623;&#x648;&#x644;&#x649;.</subfield>
  </datafield>
  <datafield tag="264" ind1=" " ind2="1">
    <subfield code="a">&#x644;&#x646;&#x62F;&#x646; :</subfield>
    <subfield code="b">&#x62F;&#x627;&#x631; &#x627;&#x644;&#x62D;&#x643;&#x645;&#x629;&#x60C;</subfield>
    <subfield code="c">[2000]</subfield>
  </datafield>
  <datafield tag="300" ind1=" " ind2=" ">
    <subfield code="a">121 &#x635;&#x641;&#x62D;&#x629; &#x61B;</subfield>
    <subfield code="c">20 &#x633;&#x645;</subfield>
  </datafield>
  <datafield tag="336" ind1=" " ind2=" ">
    <subfield code="a">&#x646;&#x635;</subfield>
    <subfield code="b">txt</subfield>
    <subfield code="2">rdacontent</subfield>
    <subfield code="3">&#x643;&#x62A;&#x627;&#x628;</subfield>
  </datafield>
  <datafield tag="337" ind1=" " ind2=" ">
    <subfield code="a">&#x628;&#x62F;&#x648;&#x646; &#x648;&#x633;&#x64A;&#x637;</subfield>
    <subfield code="b">n</subfield>
    <subfield code="2">rdamedia</subfield>
  </datafield>
  <datafield tag="338" ind1=" " ind2=" ">
    <subfield code="a">&#x645;&#x62C;&#x644;&#x62F;</subfield>
    <subfield code="b">nc</subfield>
    <subfield code="2">rdacarrier</subfield>
  </datafield>
  <datafield tag="630" ind1="2" ind2="7">
    <subfield code="a">&#x627;&#x644;&#x643;&#x62A;&#x627;&#x628; &#x627;&#x644;&#x645;&#x642;&#x62F;&#x633;.</subfield>
    <subfield code="p">&#x627;&#x644;&#x639;&#x647;&#x62F; &#x627;&#x644;&#x642;&#x62F;&#x64A;&#x645;</subfield>
    <subfield code="x">&#x62A;&#x641;&#x627;&#x633;&#x64A;&#x631;</subfield>
    <subfield code="2">aucut</subfield>
  </datafield>
  <datafield tag="942" ind1=" " ind2=" ">
    <subfield code="2">ddc</subfield>
    <subfield code="c">BOOK</subfield>
    <subfield code="n">0</subfield>
  </datafield>
  <datafield tag="949" ind1=" " ind2=" ">
    <subfield code="a">SA-JeALM</subfield>
    <subfield code="d">250514</subfield>
    <subfield code="u">mohamedma123</subfield>
    <subfield code="n">1</subfield>
  </datafield>
  <datafield tag="952" ind1=" " ind2=" ">
    <subfield code="0">0</subfield>
    <subfield code="1">0</subfield>
    <subfield code="2">ddc</subfield>
    <subfield code="4">0</subfield>
    <subfield code="7">0</subfield>
    <subfield code="a">WAHAB</subfield>
    <subfield code="b">WAHAB</subfield>
    <subfield code="d">2025-05-23</subfield>
    <subfield code="l">0</subfield>
    <subfield code="o">296 &#x633; &#x627; &#x645;</subfield>
    <subfield code="p">000013531</subfield>
    <subfield code="r">2025-05-23 17:47:36</subfield>
    <subfield code="w">2025-05-23</subfield>
    <subfield code="y">BOOK</subfield>
  </datafield>
  <datafield tag="999" ind1=" " ind2=" ">
    <subfield code="c">8307</subfield>
    <subfield code="d">8307</subfield>
  </datafield>
</record>
